02660njm a2200505 i 4500001000700000003000900007005001700016007001500033008004100048015001000089017005000099020001800149035002200167035002100189040002900210100003800239240002300277245008600300260004000386264001100426300005200437336004000489337002000529338002400549490005000573500001800623511025300641518003100894520060300925650002401528655001501552700008201567700002501649700004001674700003801714700003701752700004801789700003701837700002201874700002701896700004501923710004201968710003702010852010702047195985ES-MaACL20250904042250.0sd*fsngnnmmned240209s2006 sp opn d / ger  aSON06 aM 48038-2006bOficina Depósito Legal Madrid a9788493552343 a(OCoLC)1004300518 a(SpMaBN)a4555114 aSpMaBNbspacSpMaBNerdc1 aWagner, Richard, d1813-1883ecmp10aTristan und Isolde10aTristan und Isolde / cWagner ; libreto de Richard Wagner h[Grabación sonora]  aMadrid :bPrisa Innova, cD.L. 2007 a©2007 a4 discos (CD Audio) + e1 libro (108 páginas) 2rdacontentamúsica (interpretada) 2rdamediaaaudio 2rdacarrieravolumen1 aLos clásicos de la ópera, 400 años ;v7 aRemasterizado1 aLudwig Suthaus, Kirsten Flagstad, Blanche Thebom, Josef Greindl, Dietrich Fischer-Dieskau, Rudolf Schock, Edgar Evans, Rhoderick Davies ; Coro de la Royal Opera House, Covent Garden ; Orquesta Philharmonia ; Wilhelm Furtwängler, director musical. aGrabado en estudio en 1952 aEl lenguaje musical de Tristán se caracteriza por la inestabilidad y ambigüedad tonal, el extremo cromatismo tanto en la línea melódica como en la armonía. (...) Todo al servicio del drama, de la intensificación de la expresión, de la tensión emocional. El resultado es una obra con un extraño poder de fascinación, que afectó profunda e irreversiblemente a la evolución de la música occidental, la muerte anunciada de una era. (...) El terreno estaba abonado para que las siguientes generaciones certificaran la independencia de la armonía del sistema tonal clásico. 7aÓperas-vLibretos 7aLibretos21 aWagner, Richard, d1813-1883- tTristan und Isolde- lEspañol-Alemánelbt1 aSuthaus, Ludwigeprf1 aFlagstad, Kirsten, d1895-1962eprf1 aThebom, Blanche, d1918-2010eprf1 aGreindl, Josef, d1912-1993eprf1 aFischer-Dieskau, Dietrich, d1925-2012eprf1 aSchock, Rudolf, d1915-1986eprf1 aEvans, Edgareprf1 aDavies, Rhoderickeprf1 aFurtwängler, Wilhelm, d1886-1954emsd2 aRoyal Opera House (Londres)- bChorus2 aPhilharmonia Orchestra (Londres) aES-MaACLb155018cDEPOJjN-9802hDonación: Miren FernándezxEncuadernación cartoné pVolumen 7